000
00263nam a2200097Ia 4500
001
1210038
005
20250827024411.0
008
250824s9999 xx 000 0 und d
245
0
_a
FERMAN
_c
ÖMER SEYFETTİN
260
_b
ALTIN KİTAPLAR YAYINLARI
999
_c
1210038
_d
1210038